[Event "Kalamazoo (MI Am/1/31)"]
[Site "?"]
[Date "1997.??.??"]
[Round "?"]
[White "Carpenter, George"]
[Black "Jaynes, A."]
[Result "0-1"]
[WhiteElo "1605"]
[BlackElo "1605"]
[PlyCount "86"]
[EventDate "1997.??.??"]

{1/(31)} 1. Nf3 d5 2. g3 Nc6 3. Bg2 e5 4. d3 Bg4 5. O-O e4 6. dxe4 dxe4 7. Ng5
Qxd1 8. Rxd1 Bxe2 9. Re1 Nd4 10. Bxe4 Nf6 11. Bd3 O-O-O 12. Rxe2 Nxe2+ 13. Bxe2
Rd7 14. Nc3 h6 15. Nge4 Nxe4 16. Nxe4 Re7 17. Nc3 g5 18. f4 Bg7 19. Bg4+ Kb8
20. Ne2 h5 21. Bxh5 Rxh5 22. g4 Rh8 23. Ng3 Rd7 24. Be3 Rhd8 25. fxg5 Rd1+ 26.
Rxd1 Rxd1+ 27. Kf2 Bxb2 28. h4 Ra1 29. h5 Rxa2 30. h6 Ba1 31. Nf5 Rxc2+ 32. Kf3
a5 33. Bd4 Bxd4 34. Nxd4 Rc1 35. Kf4 a4 36. Kf5 a3 37. g6 fxg6+ 38. Kxg6 a2 39.
h7 Rh1 40. Nc2 b5 41. Kg7 b4 42. h8=Q+ Rxh8 43. Kxh8 b3 0-1

[Event "Lansing (MOR/5/30)"]
[Site "?"]
[Date "1997.??.??"]
[Round "?"]
[White "Carpenter, George"]
[Black "Gatesy, Matthew"]
[Result "0-1"]
[WhiteElo "1605"]
[BlackElo "1605"]
[PlyCount "86"]
[EventDate "1997.??.??"]

{5/(30)} 1. Nf3 d5 2. g3 Nc6 3. Bg2 Nf6 4. O-O e5 5. d3 Bg4 6. Nbd2 Be7 7. c3
Qd7 8. Qc2 Bh3 9. e4 Bxg2 10. Kxg2 dxe4 11. Nxe4 Nxe4 12. dxe4 O-O-O 13. Be3
Kb8 14. a4 h5 15. b4 h4 16. b5 hxg3 17. fxg3 Qh3+ 18. Kg1 Na5 19. Nxe5 Rh5 20.
Nxf7 Rf8 21. Ng5 Rxf1+ 22. Rxf1 Qg4 23. Rf5 Nc4 24. Qb3 Nd6 25. Qe6 Qd1+ 26.
Kg2 Qe2+ 27. Bf2 Rxg5 28. Qxe7 Rxf5 29. Qd8+ Nc8 30. exf5 Qe4+ 31. Kf1 Qb1+ 32.
Kg2 Qe4+ 33. Kf1 Qb1+ 34. Ke2 Qc2+ 35. Qd2 Qe4+ 36. Be3 Qg2+ 37. Kd3 Qd5+ 38.
Bd4 Qxf5+ 39. Kc4 Nd6+ 40. Kb3 Qd5+ 41. Kb4 c5+ 42. bxc6 a5+ 43. Ka3 Nc4+ 0-1

[Event "Lansing (MOR/7/38)"]
[Site "?"]
[Date "1997.??.??"]
[Round "?"]
[White "Carpenter, George"]
[Black "Feguer, Mike"]
[Result "0-1"]
[WhiteElo "1605"]
[BlackElo "1605"]
[PlyCount "92"]
[EventDate "1997.??.??"]

{7/(38)} 1. Nf3 Nc6 2. g3 e5 3. d3 Bc5 4. Bg2 d6 5. O-O Nf6 6. Nbd2 Be6 7. c3
Qd7 8. Qc2 Bh3 9. e4 Bxg2 10. Kxg2 O-O-O 11. b4 Bb6 12. Nc4 d5 13. Ncxe5 Nxe5
14. Nxe5 Qe6 15. d4 dxe4 16. Re1 h5 17. Bg5 Rdg8 18. f3 exf3+ 19. Nxf3 Qd7 20.
Bxf6 gxf6 21. Re2 h4 22. Rae1 hxg3 23. Qe4 gxh2+ 24. Kh1 c6 25. Rxh2 Re8 26.
Rxh8 Rxh8+ 27. Kg1 Rg8+ 28. Kf2 Bc7 29. Rg1 Qd8 30. Qh7 Rxg1 31. Kxg1 Qd5 32.
Qg8+ Bd8 33. Qg2 a5 34. Nd2 Qxa2 35. bxa5 Qxa5 36. Nc4 Qa1+ 37. Kh2 Qxc3 38.
Qg4+ Kb8 39. Nd6 Qd2+ 40. Kg3 Qe3+ 41. Kg2 Qd2+ 42. Kf1 Qc1+ 43. Kg2 Qb2+ 44.
Kh3 Qa3+ 45. Qg3 Qxg3+ 46. Kxg3 Bc7 0-1

[Event "Kalamazoo (MI Am/5/17)"]
[Site "?"]
[Date "1997.??.??"]
[Round "?"]
[White "Carpenter, George"]
[Black "Evans Sr., Thomas"]
[Result "0-1"]
[WhiteElo "1605"]
[BlackElo "1605"]
[PlyCount "30"]
[EventDate "1997.??.??"]

{5/(17)} 1. Nf3 e6 2. g3 d5 3. Bg2 Nf6 4. O-O Be7 5. d3 O-O 6. Nbd2 c5 7. c3
Nc6 8. Qc2 Bd7 9. e4 d4 10. Nb3 e5 11. cxd4 cxd4 12. Ng5 Nb4 13. Qe2 a6 14. Bd2
Nxd3 15. Nxh7 Nxh7 0-1

[Event "Lansing (MOR/1a/17)"]
[Site "?"]
[Date "1997.??.??"]
[Round "?"]
[White "Carpenter, George"]
[Black "Ellis, Carl"]
[Result "1-0"]
[WhiteElo "1605"]
[BlackElo "1605"]
[PlyCount "105"]
[EventDate "1997.??.??"]

1. Nf3 d5 2. g3 g6 3. Bg2 Bg7 4. O-O Nf6 5. d3 Nc6 6. Nbd2 e5 7. c3 O-O 8. Qc2
Bf5 9. e4 dxe4 10. Nxe4 Qd7 11. Bg5 Nxe4 12. dxe4 Bg4 13. Rad1 Qe6 14. b3 f5
15. exf5 Rxf5 16. Rd3 Bxf3 17. Bxf3 Rxg5 18. Bd5 Qxd5 19. Rxd5 Rf5 20. f4 Raf8
21. Kg2 Ne7 22. Rd7 R8f7 23. Qe4 exf4 24. Rxe7 f3+ 25. Rxf3 Rxf3 26. Re8+ Bf8
27. Qxf3 Rxf3 28. Kxf3 Kf7 29. Rc8 Bd6 30. c4 Ke7 31. c5 Kd7 32. Rb8 Bxc5 33.
Rxb7 a6 34. Rb8 Bd4 35. Ra8 Kc6 36. Rxa6+ Kb5 37. Ra4 c5 38. Rc4 Bg1 39. h4 Bd4
40. Ke4 Bf2 41. Kf3 Bd4 42. g4 h6 43. Kf4 Bf6 44. g5 hxg5+ 45. hxg5 Bd4 46. Ke4
Kc6 47. Rxd4 cxd4 48. Kxd4 Kb5 49. Ke5 Kb4 50. Kf6 Ka3 51. Kxg6 Kxa2 52. b4 Ka3
53. b5 1-0

[Event "Lansing (MI Op/6/2)"]
[Site "?"]
[Date "1997.??.??"]
[Round "?"]
[White "Calton, Bill"]
[Black "Zaremba, Andrei"]
[Result "1/2-1/2"]
[WhiteElo "2210"]
[BlackElo "2255"]
[PlyCount "43"]
[EventDate "1997.??.??"]

{6/(2)} 1. d4 e6 2. Nf3 c5 3. e3 Nf6 4. Bd3 b6 5. Nbd2 Bb7 6. O-O Be7 7. Qe2
O-O 8. c3 cxd4 9. exd4 d6 10. Re1 Nbd7 11. Nf1 Re8 12. Bg5 Qc7 13. Rad1 Bf8 14.
Bxf6 Nxf6 15. Bb1 g6 16. Ng3 Bg7 17. Ne4 Nxe4 18. Bxe4 Bxe4 19. Qxe4 Qc4 20.
Qb7 Qc8 21. Qe4 Qc4 22. Qb7 1/2-1/2

[Event "Lansing (MI Op/5/2)"]
[Site "?"]
[Date "1997.??.??"]
[Round "?"]
[White "Calton, Bill"]
[Black "Ward, Tom"]
[Result "1-0"]
[WhiteElo "2210"]
[BlackElo "2235"]
[PlyCount "75"]
[EventDate "1997.??.??"]

{5/(2)} 1. d4 Nf6 2. Bg5 e6 3. Nf3 h6 4. Bxf6 Qxf6 5. e4 g5 6. Qd3 b6 7. e5 Qe7
8. Nc3 Bb7 9. O-O-O d5 10. exd6 cxd6 11. d5 e5 12. Qf5 Bg7 13. Bb5+ Nd7 14.
Rhe1 Rd8 15. Nd4 O-O 16. Bd3 Nf6 17. Ne4 Rfe8 18. Nxf6+ Qxf6 19. Bb5 Qxf5 20.
Nxf5 Rf8 21. Re3 f6 22. Ra3 a5 23. Ne7+ Kf7 24. Rc3 Ba6 25. Ba4 b5 26. Rc7 Ke8
27. Ra7 Rd7 28. Rxa6 bxa4 29. Nf5 Rc7 30. Nxd6+ Kd7 31. Nf5 Bh8 32. Rxa5 Rfc8
33. c3 Rc4 34. Ra7+ R8c7 35. Ra8 Rf4 36. Nxh6 Bg7 37. Nf7 Rxf2 38. Rd8+ 1-0

[Event "Lansing (MI Op/2/5)"]
[Site "?"]
[Date "1997.??.??"]
[Round "?"]
[White "Calton, Bill"]
[Black "Walker, Douglas"]
[Result "1-0"]
[WhiteElo "2210"]
[BlackElo "1980"]
[PlyCount "61"]
[EventDate "1997.??.??"]

{2/(5)} 1. d4 Nf6 2. Bg5 Ne4 3. h4 h6 4. Bf4 d5 5. Nd2 Bf5 6. Nxe4 Bxe4 7. f3
Bf5 8. e3 Nc6 9. c3 e6 10. g4 Bh7 11. Bb5 Bd6 12. Ne2 O-O 13. Qd2 Ne7 14. O-O-O
c6 15. Bxd6 Qxd6 16. Bd3 Bxd3 17. Qxd3 a5 18. h5 b5 19. g5 hxg5 20. Rdg1 f6 21.
h6 g6 22. f4 b4 23. fxg5 f5 24. Nf4 e5 25. dxe5 Qxe5 26. Qd4 Qxd4 27. exd4 Kf7
28. Re1 Rae8 29. Re6 bxc3 30. bxc3 Nc8 31. Rf6+ 1-0

[Event "Kalamazoo (MI Am/2/37)"]
[Site "?"]
[Date "1997.??.??"]
[Round "?"]
[White "Bush, G."]
[Black "Schaalma, S."]
[Result "1-0"]
[WhiteElo "1605"]
[BlackElo "1605"]
[PlyCount "83"]
[EventDate "1997.??.??"]

{2/(37)} 1. e4 e5 2. Nf3 Nc6 3. Bb5 a6 4. Ba4 b5 5. Bb3 Bb4 6. O-O Nf6 7. Nc3
O-O 8. Nd5 Nxd5 9. Bxd5 Bb7 10. c3 Bd6 11. d4 Rb8 12. Ng5 h6 13. Bxf7+ Rxf7 14.
Nxf7 Kxf7 15. f4 Kg8 16. fxe5 Nxe5 17. dxe5 Bxe5 18. Qh5 Qe7 19. Bf4 Bxf4 20.
Rxf4 Bxe4 21. Re1 Qg5 22. Qxg5 hxg5 23. Rfxe4 Kh7 24. Re7 Kh6 25. Rxd7 g4 26.
g3 c5 27. Ree7 Rg8 28. Ra7 Rd8 29. Rxa6+ Kh7 30. Re2 Rd1+ 31. Kg2 g6 32. Rb6
Kh6 33. Rxb5 Rd5 34. c4 Rf5 35. Rf2 Re5 36. a4 Re3 37. a5 Rf3 38. Rxf3 gxf3+
39. Kxf3 g5 40. g4 Kg6 41. Rb6+ Kf7 42. a6 1-0

[Event "Kalamazoo (MI Am/4/31)"]
[Site "?"]
[Date "1997.??.??"]
[Round "?"]
[White "Bush, G."]
[Black "Biondo, S."]
[Result "1-0"]
[WhiteElo "1605"]
[BlackElo "1605"]
[PlyCount "33"]
[EventDate "1997.??.??"]

{4/(31)} 1. e4 e5 2. Nf3 Nc6 3. Bb5 a6 4. Ba4 Nf6 5. O-O Nxe4 6. Re1 Nc5 7.
Nxe5 Nxa4 8. Nxc6+ Be7 9. Nxd8 Kxd8 10. b3 Nc5 11. d4 Ne6 12. Bb2 b6 13. d5 Nf8
14. Bxg7 Rg8 15. Bxf8 Bxf8 16. Qe2 Bg7 17. Qe7# 1-0

[Event "Lansing (MI Op/1a/10)"]
[Site "?"]
[Date "1997.??.??"]
[Round "?"]
[White "Burke, Tim"]
[Black "Jarosz, Stan"]
[Result "0-1"]
[WhiteElo "1800"]
[BlackElo "2090"]
[PlyCount "50"]
[EventDate "1997.??.??"]

1. e4 e6 2. d4 d5 3. Nc3 Bb4 4. e5 c5 5. a3 Bxc3+ 6. bxc3 Ne7 7. a4 Nbc6 8. Bb5
Qa5 9. Qd2 Bd7 10. Ne2 Nxe5 11. Bxd7+ Nxd7 12. dxc5 Nxc5 13. O-O Qc7 14. Ba3
Ne4 15. Qe3 O-O 16. f3 Nf5 17. Qc1 Qb6+ 18. Kh1 Nf2+ 19. Rxf2 Qxf2 20. Bxf8
Qxe2 21. Bc5 b6 22. Bg1 Rc8 23. a5 bxa5 24. Rxa5 h6 25. Rxa7 Nh4 0-1

[Event "Lansing (MI Op/3/29)"]
[Site "?"]
[Date "1997.??.??"]
[Round "?"]
[White "Burke, Tim"]
[Black "Dumas, Steve"]
[Result "1-0"]
[WhiteElo "1800"]
[BlackElo "1605"]
[PlyCount "119"]
[EventDate "1997.??.??"]

{3/(29)} 1. e4 e5 2. Nf3 Nc6 3. Bb5 a6 4. Ba4 f5 5. exf5 Nf6 6. O-O b5 7. Bb3
d5 8. Qe2 Bd6 9. d4 e4 10. Bg5 Bxf5 11. Bxd5 Bxh2+ 12. Nxh2 Qxd5 13. Bxf6 gxf6
14. Qh5+ Ke7 15. Nc3 Qd7 16. Rfe1 Rag8 17. Nxe4 Bxe4 18. Rxe4+ Kd8 19. Rae1 f5
20. Rf4 Ne7 21. Nf3 h6 22. Qf7 Qd6 23. Ne5 Re8 24. c4 Rhf8 25. c5 Qf6 26. Qb3
Kc8 27. a4 Ng6 28. Qd5 Nxe5 29. Rxe5 c6 30. Rexf5 cxd5 31. Rxf6 Rxf6 32. Rxf6
bxa4 33. Rxa6 Re1+ 34. Kh2 Re2 35. Rxa4 Rxb2 36. Kg3 Kd7 37. f4 Ke6 38. Kf3 h5
39. Ra6+ Kf5 40. c6 Rb3+ 41. Kf2 Rc3 42. g3 Ke4 43. Ra8 Rxc6 44. Rh8 Rc2+ 45.
Kg1 Kxd4 46. Rxh5 Kc4 47. Rh4 Kd3 48. f5 Rc6 49. Rf4 Rf6 50. Kf2 Kc3 51. g4 d4
52. g5 Rd6 53. g6 Kc2 54. g7 Rd8 55. f6 d3 56. f7 d2 57. f8=Q Rd3 58. Rc4+ Rc3
59. Rxc3+ Kxc3 60. Qd8 1-0

[Event "Lansing (MI Op/1b/15)"]
[Site "?"]
[Date "1997.??.??"]
[Round "?"]
[White "Burch, Daniel"]
[Black "Ward, Tom"]
[Result "0-1"]
[WhiteElo "1695"]
[BlackElo "2235"]
[PlyCount "81"]
[EventDate "1997.??.??"]

1. e4 c5 2. Nf3 d6 3. Nc3 a6 4. b3 g6 5. Bb2 Bg7 6. Be2 Nc6 7. O-O Nf6 8. Rb1
O-O 9. h3 b5 10. d3 e6 11. Re1 Nh5 12. Qc1 Nd4 13. Nd1 Qa5 14. Kf1 e5 15. Nxd4
cxd4 16. Bxh5 gxh5 17. Qg5 f5 18. f3 fxe4 19. Rxe4 Bf5 20. Re2 Bg6 21. Qd2 Qxd2
22. Rxd2 b4 23. Nf2 d5 24. Re2 Rac8 25. Kg1 Rc7 26. a3 a5 27. axb4 axb4 28. Ba1
Rfc8 29. Rb2 Ra8 30. Rb1 Kf7 31. Kf1 Kf6 32. g3 Bh6 33. Kg2 Rac8 34. Rb2 Ke6
35. Ra2 Kd6 36. h4 Be3 37. Nh1 Bc1 38. Ra6+ Rc6 39. Rxc6+ Rxc6 40. Re1 Rxc2+
41. Kh3 0-1

[Event "Lansing (MI Op/6/20)"]
[Site "?"]
[Date "1997.??.??"]
[Round "?"]
[White "Burch, Daniel"]
[Black "Evans Sr., Thomas"]
[Result "1-0"]
[WhiteElo "1695"]
[BlackElo "1900"]
[PlyCount "103"]
[EventDate "1997.??.??"]

{6/(20)} 1. e4 e5 2. Nf3 Nc6 3. Nc3 Nf6 4. d4 exd4 5. Nxd4 Nxd4 6. Qxd4 d6 7.
Bg5 Be7 8. Bc4 O-O 9. O-O Be6 10. Rad1 a6 11. Bxe6 fxe6 12. e5 Ne8 13. Bxe7
Qxe7 14. exd6 cxd6 15. Rfe1 Qf7 16. Ne4 e5 17. Qd5 Qxd5 18. Rxd5 Rd8 19. Red1
Nf6 20. Nxf6+ Rxf6 21. Rxe5 Rc8 22. Re2 Kf7 23. Rde1 g5 24. Re7+ Kg6 25. c3
Rcf8 26. R1e6 R8f7 27. Rxf6+ Kxf6 28. Rxf7+ Kxf7 29. f3 Ke6 30. Kf2 Ke5 31. Ke3
b5 32. g3 Kf5 33. Kd4 h5 34. Kd5 a5 35. Kxd6 g4 36. f4 Ke4 37. Kc5 h4 38. Kxb5
hxg3 39. hxg3 Kf3 40. f5 Kxg3 41. f6 Kh2 42. f7 g3 43. f8=Q g2 44. Qh6+ Kg3 45.
Qg5+ Kf2 46. Qxg2+ Kxg2 47. c4 Kf3 48. c5 Ke4 49. c6 Ke5 50. c7 Kd6 51. c8=Q a4
52. Kxa4 1-0

[Event "Lansing (MI Op/2/17)"]
[Site "?"]
[Date "1997.??.??"]
[Round "?"]
[White "Burch, Daniel"]
[Black "Aldrich, Jeff"]
[Result "0-1"]
[WhiteElo "1680"]
[BlackElo "2005"]
[PlyCount "50"]
[EventDate "1997.??.??"]

{2/(17)} 1. e4 c6 2. d4 d5 3. Nc3 dxe4 4. Nxe4 Nd7 5. Nf3 Ngf6 6. Nxf6+ Nxf6 7.
Be2 Bf5 8. c3 Qc7 9. Be3 e6 10. Qb3 Bd6 11. Nh4 Be4 12. Nf3 O-O 13. h3 Nd5 14.
Bd2 a5 15. O-O c5 16. Rad1 a4 17. Qc4 Nb6 18. Qb5 h6 19. dxc5 Bxc5 20. Bc1 Nd5
21. Nd4 Ra5 22. Qc4 Nb6 23. Nxe6 Qe5 24. Bf4 Qxe6 25. Qxe6 fxe6 0-1

[Event "Lansing (MI Op/2/28)"]
[Site "?"]
[Date "1997.??.??"]
[Round "?"]
[White "Brumley, Ron"]
[Black "Rosenberg, Steve"]
[Result "0-1"]
[WhiteElo "1605"]
[BlackElo "1925"]
[PlyCount "78"]
[EventDate "1997.??.??"]

{2/(28)} 1. d4 Nf6 2. Nf3 d6 3. c4 g6 4. Nc3 Bg7 5. e4 Nc6 6. Be2 O-O 7. O-O e5
8. d5 Ne7 9. b4 Ne8 10. Nd2 f5 11. f3 f4 12. g3 g5 13. g4 Nf6 14. c5 h5 15. h3
Ng6 16. Nc4 a6 17. Bd2 hxg4 18. hxg4 Kf7 19. Be1 Rh8 20. Rf2 Bf8 21. cxd6 cxd6
22. b5 Bd7 23. Rb1 Be7 24. bxa6 bxa6 25. Nb6 Ra7 26. Nxd7 Nxd7 27. Bf1 Qf8 28.
Rfb2 Qh6 29. Bg2 Qh2+ 30. Kf1 Nh4 31. Qe2 Nc5 32. Qf2 Rc7 33. Qc2 Rhc8 34. Qd1
Kf6 35. Na4 Nxa4 36. Qxa4 Nxg2 37. Rxg2 Qh1+ 38. Rg1 Qxf3+ 39. Bf2 Rc1+ 0-1

[Event "Lansing (MI Op/4/23)"]
[Site "?"]
[Date "1997.??.??"]
[Round "?"]
[White "Brumley, Ron"]
[Black "Evans Sr., Thomas"]
[Result "0-1"]
[WhiteElo "1605"]
[BlackElo "1900"]
[PlyCount "82"]
[EventDate "1997.??.??"]

{4/(23)} 1. d4 d5 2. Nf3 Bg4 3. Ne5 Bh5 4. Bf4 Nd7 5. Nd2 Nxe5 6. Bxe5 e6 7.
Nf3 f6 8. Bg3 Bd6 9. Bxd6 Qxd6 10. c3 Ne7 11. g3 O-O 12. Bg2 e5 13. dxe5 fxe5
14. O-O c5 15. Qb3 e4 16. Nd2 Kh8 17. c4 Bxe2 18. Rfe1 Bd3 19. cxd5 Qf6 20. f4
Qd4+ 21. Kh1 Nxd5 22. Nxe4 Ne3 23. Nxc5 Nxg2 24. Kxg2 Bc4 25. Qa3 b6 26. Nb3
Bd5+ 27. Kh3 Qf6 28. Qe7 Qf5+ 29. g4 Qxf4 30. Qe3 Qb4 31. Qd4 Rf3+ 32. Kh4 Qd6
33. Re5 Qf6+ 34. Rg5 Bxb3 35. Qe4 Rf8 36. axb3 h6 37. Qxf3 Qxg5+ 38. Kg3 Rxf3+
39. Kxf3 Qf6+ 40. Kg3 a5 41. Rb1 g5 0-1

[Event "Lansing (MI Op/7/24)"]
[Site "?"]
[Date "1997.??.??"]
[Round "?"]
[White "Brumley, Ron"]
[Black "Dumas, Steve"]
[Result "1-0"]
[WhiteElo "1605"]
[BlackElo "1605"]
[PlyCount "71"]
[EventDate "1997.??.??"]

{7/(24)} 1. d4 f5 2. Nf3 d5 3. c3 Nf6 4. Bg5 c6 5. Bxf6 exf6 6. e3 h5 7. Nh4 g5
8. Ng6 Rh6 9. Nxf8 Kxf8 10. h4 g4 11. Bd3 Qe8 12. Qe2 a5 13. a4 Rh7 14. Qc2 Qg6
15. Nd2 Na6 16. Nf1 Bd7 17. Ng3 Rf7 18. Ne2 c5 19. Nf4 Qh7 20. Nxd5 cxd4 21.
exd4 Re8+ 22. Ne3 Qg6 23. O-O-O Rc8 24. Bxf5 Qg7 25. Bxd7 Rxd7 26. Qb3 Nb4 27.
Kb1 Qg6+ 28. Kc1 Nc6 29. Qe6 Rcd8 30. Nf5 Rf7 31. Rhe1 Kg8 32. d5 Rdf8 33. dxc6
bxc6 34. Ne7+ Kg7 35. Nxg6 Kxg6 36. Re5 1-0

[Event "Michigan Senior"]
[Site "Ann Arbor, MI"]
[Date "1997.??.??"]
[Round "3.10"]
[White "Brown, Ralph"]
[Black "Yufa, Leonid"]
[Result "0-1"]
[WhiteElo "1645"]
[BlackElo "1605"]
[PlyCount "94"]
[EventDate "1997.??.??"]

{3/(10)} 1. d4 d5 2. c4 e6 3. Nc3 Nf6 4. e3 c5 5. Nf3 Nc6 6. Bd3 Be7 7. Qc2 a6
8. a3 dxc4 9. Bxc4 b5 10. Be2 cxd4 11. exd4 O-O 12. Be3 Bb7 13. Rd1 Rc8 14. Qb3
Na5 15. Qa2 b4 16. axb4 Bxb4 17. Bd2 Bd5 18. Nxd5 Bxd2+ 19. Nxd2 Nxd5 20. Nc4
Nxc4 21. Bxc4 Nb4 22. Qb3 a5 23. O-O Qf6 24. Rd2 Rfd8 25. Rfd1 Qg5 26. h3 Nd5
27. Bxd5 Qxd5 28. Qxd5 Rxd5 29. Kf1 g6 30. b3 Rc3 31. Rd3 Rxd3 32. Rxd3 e5 33.
f3 exd4 34. g4 g5 35. Kf2 Kg7 36. Kg3 Kf6 37. h4 Ke5 38. hxg5 Rc5 39. Rd2 Rc6
40. Ra2 d3 41. Rxa5+ Kd4 42. Ra7 d2 43. Rxf7 Rc5 44. Rxh7 d1=Q 45. g6 Qe1+ 46.
Kh3 Rc6 47. Rd7+ Kc3 0-1

[Event "Michigan Senior"]
[Site "Ann Arbor, MI"]
[Date "1997.??.??"]
[Round "1.1"]
[White "Brown, Ralph"]
[Black "Poschel, Paul"]
[Result "0-1"]
[WhiteElo "1645"]
[BlackElo "2260"]
[PlyCount "78"]
[EventDate "1997.??.??"]

{1/(1)} 1. d4 d5 2. c4 dxc4 3. e3 Nf6 4. Bxc4 e6 5. Nf3 a6 6. a3 b5 7. Bd3 Bb7
8. Nc3 c5 9. dxc5 Bxc5 10. Be2 Qe7 11. b4 Bd6 12. Bb2 Nbd7 13. h3 Rc8 14. Bd3
O-O 15. O-O Nb6 16. Qe2 Nc4 17. Bxc4 Rxc4 18. Nd2 Rcc8 19. Rac1 Bb8 20. Nb3 Nd7
21. Rfd1 Rfd8 22. Na2 Bd5 23. Rxc8 Rxc8 24. Nac1 f5 25. Nd2 Rc2 26. Nd3 Bc4 27.
Rc1 Rxb2 28. Rxc4 bxc4 29. Nxb2 c3 30. Qxa6 cxd2 31. b5 Qd6 32. Qxd6 Bxd6 33.
a4 Bb4 34. Kf1 Kf7 35. Ke2 Nb6 36. Nd3 Bc3 37. Nc5 Nc4 38. Nb3 Nb2 39. b6 d1=Q#
0-1

[Event "Lansing (MOR/4/48)"]
[Site "?"]
[Date "1997.??.??"]
[Round "?"]
[White "Briggs, S."]
[Black "Seppala, Travis"]
[Result "1-0"]
[WhiteElo "1605"]
[BlackElo "1605"]
[PlyCount "85"]
[EventDate "1997.??.??"]

{4/(48)} 1. e4 d5 2. exd5 Qxd5 3. Nc3 Qa5 4. Nf3 e5 5. d4 Bb4 6. Bd2 Nc6 7. a3
Bxc3 8. Bxc3 Qb6 9. dxe5 Nh6 10. Bc4 O-O 11. O-O Be6 12. Qe2 Nf5 13. Rad1 Rad8
14. Bxe6 Ncd4 15. Nxd4 Nxd4 16. Bxd4 Rxd4 17. Qe3 Rfd8 18. Bc8 Rxd1 19. Qxb6
axb6 20. Bxb7 Rxf1+ 21. Kxf1 Rd1+ 22. Ke2 Rd7 23. Be4 Re7 24. f4 g6 25. g4 h5
26. h3 f5 27. gxf5 gxf5 28. Bxf5 Rf7 29. Be6 Kf8 30. Bxf7 Kxf7 31. Ke3 Ke6 32.
Ke4 c5 33. f5+ Kd7 34. b4 cxb4 35. axb4 b5 36. Kd5 h4 37. f6 Ke8 38. Ke6 Kf8
39. f7 Kg7 40. Ke7 Kh7 41. f8=Q Kg6 42. Qf6+ Kh7 43. Qg5 1-0

[Event "Lansing (MOR/2/36)"]
[Site "?"]
[Date "1997.??.??"]
[Round "?"]
[White "Briggs, S."]
[Black "Rosebrook, G."]
[Result "0-1"]
[WhiteElo "1605"]
[BlackElo "1605"]
[PlyCount "88"]
[EventDate "1997.??.??"]

{2/(36)} 1. e4 c5 2. Nf3 Nc6 3. Bc4 e6 4. Nc3 a6 5. d4 Be7 6. Bf4 d6 7. dxc5
dxc5 8. Qxd8+ Bxd8 9. O-O b5 10. Be2 Bb7 11. a3 h6 12. Ne5 Nxe5 13. Bxe5 Nf6
14. b4 c4 15. a4 O-O 16. axb5 axb5 17. Rxa8 Bxa8 18. Nxb5 Nxe4 19. Nc3 Nxc3 20.
Bxc3 Bd5 21. b5 Bb6 22. Rd1 Ra8 23. Bd4 Bxd4 24. Rxd4 Ra1+ 25. Rd1 Ra2 26. Rc1
Rb2 27. f4 Rxb5 28. Rf1 Rb2 29. f5 Rxc2 30. Bf3 Bxf3 31. Rxf3 Rc1+ 32. Kf2 c3
33. fxe6 fxe6 34. Ke2 Rc2+ 35. Kf1 h5 36. h3 g6 37. g4 hxg4 38. hxg4 Rc1+ 39.
Ke2 Rg1 40. Rxc3 Rxg4 41. Rc6 Kf7 42. Kf3 Ra4 43. Rb6 Kf6 44. Kg3 Kf5 0-1

[Event "Lansing (MOR/6/45)"]
[Site "?"]
[Date "1997.??.??"]
[Round "?"]
[White "Briggs, S."]
[Black "Hill, R."]
[Result "1-0"]
[WhiteElo "1605"]
[BlackElo "1605"]
[PlyCount "111"]
[EventDate "1997.??.??"]

{6/(45)} 1. c4 c5 2. Nc3 Nc6 3. g3 d6 4. Bg2 g6 5. Nf3 Nf6 6. O-O Bg7 7. d3 O-O
8. Be3 Be6 9. Qb3 Na5 10. Qa4 Bd7 11. Qc2 e6 12. Rfd1 d5 13. cxd5 exd5 14. d4
Ne4 15. Nxd5 Nc6 16. Qxe4 Re8 17. Qf4 Nb4 18. Nc7 Nc2 19. Rac1 Qf6 20. Qxf6
Bxf6 21. Rxc2 Rac8 22. Nxe8 Rxe8 23. dxc5 Bb5 24. Kf1 Ba4 25. b3 Bc6 26. Rcd2
b6 27. cxb6 axb6 28. Bh6 Bc3 29. Rd8 Bf6 30. R8d6 Bb5 31. R6d2 Bxe2+ 32. Rxe2
Rxe2 33. Kxe2 b5 34. Ne5 b4 35. Nd7 Bg7 36. Bxg7 Kxg7 37. Rd4 f5 38. Rxb4 f4
39. a4 fxg3 40. fxg3 h5 41. h4 g5 42. Rb5 gxh4 43. gxh4 Kf7 44. a5 Ke7 45. Ne5
Kd6 46. Nf3 Kc6 47. Rxh5 Kb7 48. Rh6 Ka7 49. Rg6 Kb7 50. h5 Ka7 51. h6 Kb7 52.
h7 Kc7 53. h8=Q Kd7 54. Qg7+ Ke8 55. Rh6 Kd8 56. Rh8# 1-0

[Event "Lansing (MOR/5/9)"]
[Site "?"]
[Date "1997.??.??"]
[Round "?"]
[White "Boyle, John"]
[Black "Treacy, Joe"]
[Result "1-0"]
[WhiteElo "1605"]
[BlackElo "1650"]
[PlyCount "81"]
[EventDate "1997.??.??"]

{5/(9)} 1. d4 Nf6 2. Bg5 Ne4 3. Bf4 g6 4. f3 Nf6 5. e4 Bg7 6. Bd3 O-O 7. Ne2 c5
8. c3 Qb6 9. Qc1 d6 10. O-O Bd7 11. Nd2 Nc6 12. Be3 cxd4 13. Nxd4 Rfc8 14. Nf5
Qc7 15. Nxg7 Kxg7 16. f4 Ng4 17. Nf3 Nxe3 18. Qxe3 f5 19. exf5 Bxf5 20. Bxf5
gxf5 21. Qe6 Rf8 22. Nh4 Qb6+ 23. Kh1 Qb5 24. Rf3 Rf6 25. Qe1 Raf8 26. b3 e5
27. fxe5 dxe5 28. Rd1 e4 29. Rd7+ Kh8 30. Rh3 R6f7 31. Ng6+ Kg8 32. Nxf8 Kxf8
33. Rxf7+ Kxf7 34. Rxh7+ Ke6 35. c4 Qb6 36. Rh6+ Kf7 37. Qg3 Qd4 38. Qg6+ Kf8
39. Qxf5+ Ke7 40. Rh7+ Kd8 41. Qf8# 1-0

[Event "Lansing (MOR/3/23)"]
[Site "?"]
[Date "1997.??.??"]
[Round "?"]
[White "Boyle, John"]
[Black "Smith, Robert"]
[Result "1-0"]
[WhiteElo "1605"]
[BlackElo "1605"]
[PlyCount "63"]
[EventDate "1997.??.??"]

{3/(23)} 1. d4 Nf6 2. Bg5 e6 3. e4 Be7 4. e5 Nd5 5. Bxe7 Nxe7 6. Bd3 d6 7. f4
Nbc6 8. Nf3 Nb4 9. O-O Nxd3 10. Qxd3 h6 11. Nbd2 b6 12. c4 Bb7 13. Rac1 dxe5
14. Nxe5 O-O 15. Ndf3 Nf5 16. c5 Ne7 17. c6 Bc8 18. b4 Nd5 19. Qd2 a6 20. a4 b5
21. a5 Qd6 22. Rb1 Ne7 23. Qc2 f6 24. Ng6 Nxg6 25. Qxg6 Qxf4 26. Rfe1 e5 27.
dxe5 Bf5 28. Qh5 Bxb1 29. Rxb1 fxe5 30. Re1 e4 31. Qd5+ Kh8 32. Rxe4 $138 1-0

[Event "Lansing (MOR/1b/2)"]
[Site "?"]
[Date "1997.??.??"]
[Round "?"]
[White "Boyle, John"]
[Black "Herron, J."]
[Result "0-1"]
[WhiteElo "1605"]
[BlackElo "1740"]
[PlyCount "82"]
[EventDate "1997.??.??"]

1. d4 Nf6 2. Bg5 g6 3. Bxf6 exf6 4. Nf3 Bh6 5. g3 O-O 6. Bg2 d5 7. O-O Re8 8.
Nbd2 Nc6 9. c4 Bg4 10. cxd5 Qxd5 11. e3 Qd7 12. Rc1 Nb4 13. Qb3 a5 14. a3 Be6
15. Qd1 Nd5 16. Ne4 Bf5 17. Nc3 Nxe3 18. fxe3 Bxe3+ 19. Kh1 Bxc1 20. Qxc1 Kg7
21. Nh4 Bd3 22. Rd1 Ba6 23. Ne4 Qb5 24. Qf4 f5 25. Nc5 Qb6 26. g4 fxg4 27. Bd5
Qf6 28. Qxg4 Be2 29. Nd7 Bxg4 30. Nxf6 Bxd1 31. Nxe8+ Rxe8 32. Bxb7 Rb8 33. Bc6
Rxb2 34. a4 Rb4 35. Ng2 Bxa4 36. Bf3 Rxd4 37. Kg1 c5 38. Kf2 Bd1 39. Bc6 a4 40.
Ne3 a3 41. Bd5 Rxd5 0-1

[Event "Lansing (MOR/4/18)"]
[Site "?"]
[Date "1997.??.??"]
[Round "?"]
[White "Boyle, John"]
[Black "Griffin, John"]
[Result "1-0"]
[WhiteElo "1605"]
[BlackElo "1605"]
[PlyCount "79"]
[EventDate "1997.??.??"]

{4/(18)} 1. d4 Nf6 2. Bg5 c5 3. Bxf6 gxf6 4. d5 Qb6 5. Qc1 Bh6 6. e3 f5 7. Nd2
d6 8. Ngf3 Bd7 9. Bd3 e5 10. dxe6 fxe6 11. O-O Bg7 12. Nc4 Qc7 13. e4 fxe4 14.
Bxe4 Bf6 15. Qf4 Be7 16. Rad1 Rf8 17. Nxd6+ Bxd6 18. Qxd6 Na6 19. Ne5 Rd8 20.
Bxh7 Qxd6 21. Rxd6 Bc8 22. Rxd8+ Kxd8 23. Rd1+ Kc7 24. g3 Nb4 25. a3 Nd5 26. f4
b5 27. h4 Nf6 28. Bg6 Bb7 29. Kf2 c4 30. h5 Ne4+ 31. Bxe4 Bxe4 32. c3 Rf5 33.
Ke3 Bd3 34. g4 Rf8 35. Nxd3 cxd3 36. Rxd3 Rh8 37. Ke4 Rg8 38. g5 Rf8 39. Rh3
Kd6 40. g6 1-0

[Event "Kalamazoo (MI Am/5/28)"]
[Site "?"]
[Date "1997.??.??"]
[Round "?"]
[White "Biondo, S."]
[Black "Kotman, Matthew"]
[Result "0-1"]
[WhiteElo "1605"]
[BlackElo "1605"]
[PlyCount "42"]
[EventDate "1997.??.??"]

{5/(28)} 1. e4 e6 2. Nf3 d5 3. exd5 exd5 4. Qe2+ Be7 5. b3 Nf6 6. Bb2 O-O 7. g3
Re8 8. Nc3 Bf8 9. Ne4 Rxe4 10. Bxf6 Qxf6 11. d3 Rxe2+ 12. Kxe2 Qxa1 13. h4 Bg4
14. Bg2 Qxa2 15. Ke3 Nc6 16. Nd2 Re8+ 17. Kf4 Bc8 18. Bxd5 Qxc2 19. Nf1 Qxf2+
20. Bf3 Bd6+ 21. Kg5 Re5+ 0-1